Statistics for Blade Ball Abilities

Click here to take the quiz!

General Stats

  • This quiz has been taken 158 times
    (46 since last reset)
  • The average score is 16 of 37

Answer Stats

CostAnswer% Correct
FreeDash
100%
300Super Jump
86%
%2 Chance From The WheelRapture
75%
Training Quest CompletionForce
71%
5kPull
71%
450Platform
68%
Reward for buying Packs Robux // 🎃 Halloween Event)Infinity
61%
800Invisibility
61%
2kFreeze
57%
2kForcefield
54%
1kQuad Jump
54%
5kTelekinesis
54%
1.2kThunder Dash
54%
10kPulse
46%
NEW!Flash Counter
43%
Cyber Pack Robux // Daily Wheel Spin (Currently not in rotation))Phase Bypass
43%
3kReaper
43%
1.6kShadow Step
43%
NEW!Time Hole
43%
NEW!Absolute Confidence
39%
2kSwap
39%
2kWind Cloak
39%
Beet Serpent EventSerpent Shadow Clone
36%
Advent CalendarQuantum Arena
32%
4kRaging Deflection
32%
Advent CalendarTact
32%
2kBlink
29%
Halloween EventPhantom
29%
NEW!Calming Deflection
25%
Winter Event 2023Death Slash
25%
NEW!Dribble
25%
NEW!!Dragon Spirit
21%
NEW!Freeze Trap
21%
Currently UnobtainableWaypoint
21%
Winter Event 2023Titan Blade
18%
NEW!Continuity Zero
14%
NEW!Matyrdom
14%

Score Distribution

Percentile by Number Answered

Percent of People with Each Score

Your Score History

You have not taken this quiz since the last reset